| Tag |
First Indicator |
Second Indicator |
Subfields |
| LEADER |
00000cam a2200000 4500 |
| 001 |
in00000047837 |
| 005 |
20151007075545.0 |
| 008 |
750331s1959 maua 00000 eng u |
| 010 |
|
|
|a 58009077
|
| 035 |
|
|
|a (OCoLC)01245577
|
| 035 |
|
|
|9 AAF3421AM
|
| 040 |
|
|
|c ORL
|d TXA
|d UtOrBLW
|
| 041 |
1 |
|
|a eng
|a ger
|
| 049 |
|
|
|a TXAM
|c [316075]
|
| 050 |
0 |
0 |
|a QL15
|b .W413 1959
|
| 082 |
0 |
|
|a 591.508
|
| 092 |
|
|
|a 591.508
|b W473o, 1959
|
| 100 |
1 |
|
|a Wendt, Herbert,
|d 1914-1979.
|
| 245 |
1 |
0 |
|a Out of Noah's ark ;
|b the story of man's discovery of the animal kindgom /
|c Translated from the German by Michael Bullock.
|
| 264 |
|
1 |
|a Boston :
|b Houghton Mifflin,
|c 1959.
|
| 300 |
|
|
|a 464 pages :
|b illustrations ;
|c 22 cm.
|
| 336 |
|
|
|a text
|b txt
|2 rdacontent
|
| 337 |
|
|
|a unmediated
|b n
|2 rdamedia
|
| 338 |
|
|
|a volume
|b nc
|2 rdacarrier
|
| 650 |
|
0 |
|a Zoology
|x History.
|
| 650 |
|
0 |
|a Animals
|v Folklore.
|
| 999 |
|
|
|a MARS
|
| 999 |
f |
f |
|s 8ccce0d7-a615-33b8-818c-d31d52b8dd25
|i 97eff263-d113-33a9-9eb7-1d5fd33b705b
|t 0
|
| 952 |
f |
f |
|p ric
|a Texas A&M University
|b Rellis Campus
|c Joint Library Facility
|d Remote Storage
|t 0
|e QL15 .W413 1959
|h Library of Congress classification
|i unmediated -- volume
|m A14801007989
|
| 998 |
f |
f |
|a QL15 .W413 1959
|t 0
|l Remote Storage
|